|
|
|
|
| LEADER |
01359nam a22003137a 4500 |
| 001 |
41142 |
| 003 |
BD-DhAAL |
| 008 |
230417t2020 bg a|||| b||| 00| 0 eng d |
| 020 |
|
|
|a 9789843484086
|
| 040 |
|
|
|a BD-DhAAL
|c BD-DhAAL
|
| 082 |
|
|
|a 338.642095492
|2 23
|
| 245 |
|
|
|a Development of SMEs in Bangladesh :
|b lessons from the German experience /
|c M. A. Baqui Khalily ... [et al.].
|
| 260 |
|
|
|a Dhaka :
|b Friedrich-Ebert-Stiftung (FES) Bangladesh and Small and Medium Enterprise (SME) Foundation,
|c 2020.
|
| 300 |
|
|
|a 146 pages :
|b illustrations ;
|c 22 cm.
|
| 504 |
|
|
|a Includes bibliographical references.
|
| 541 |
|
|
|a Complimentary copy from SME Foundation
|e 41142
|
| 650 |
|
|
|a Small business
|z Bangladesh.
|
| 650 |
|
|
|a Small business
|x Government policy
|z Bangladesh.
|9 54074
|
| 650 |
|
|
|a Banks and banking.
|
| 650 |
|
|
|a Finance.
|
| 700 |
|
|
|a Khalily, M. A. Baqui
|9 54076
|
| 700 |
|
|
|a Uddin, Mohammed Jamal
|9 54077
|
| 700 |
|
|
|a Ullah, Muhammad Shariat
|9 54078
|
| 700 |
|
|
|a Tareq, Mohammad
|9 54079
|
| 710 |
|
|
|a SME Sector Development Programme (Bangladesh)
|9 54075
|
| 852 |
|
|
|a Ayesha Abed Library
|c General Stacks
|
| 942 |
|
|
|2 ddc
|c BK
|
| 999 |
|
|
|c 45683
|d 45683
|
| 952 |
|
|
|0 0
|1 0
|2 ddc
|4 0
|6 338_642095492000000_DEV
|7 0
|9 73560
|a BRACUL
|b BRACUL
|c GEN
|d 2023-04-17
|e Complimentary copy from SME Foundation
|l 0
|o 338.642095492 DEV
|p 3010041142
|r 2023-04-17
|t 1
|w 2023-04-17
|y BK
|